ՀՀ Գիտությունների ազգային ակադեմիայի հիմնարար գիտական գրադարան  =   Fundamental Scientific Library of NAS RA

Հայ արիւնի ձայնը / (Record no. 123164)

MARC details
000 -LEADER
fixed length control field 00731nam a2200217 a 4500
001 - CONTROL NUMBER
control field 000329332
003 - CONTROL NUMBER IDENTIFIER
control field AM-YeHGA
005 - DATE AND TIME OF LATEST TRANSACTION
control field 20250618072052.0
008 - FIXED-LENGTH DATA ELEMENTS--GENERAL INFORMATION
fixed length control field 040421s2000 ai 000 | arm d
040 ## - CATALOGING SOURCE
Original cataloging agency AM-YeHGA
041 0# - LANGUAGE CODE
Language code of text/sound track or separate title arm
090 ## - LOCALLY ASSIGNED LC-TYPE CALL NUMBER (OCLC); LOCAL CALL NUMBER (RLIN)
-- 124518
100 1# - MAIN ENTRY--PERSONAL NAME
Personal name Աճեմյան, Հայկ Արշավիրի,
Dates associated with a name 1898-1965
9 (RLIN) 2123
245 10 - TITLE STATEMENT
Title Հայ արիւնի ձայնը /
Statement of responsibility, etc. Հ. Աճէմեան.
260 ## - PUBLICATION, DISTRIBUTION, ETC.
Place of publication, distribution, etc. Լոս Անճելըս :
Name of publisher, distributor, etc. տպ. Երեւան,
Date of publication, distribution, etc. 2000.
300 ## - PHYSICAL DESCRIPTION
Extent 48 էջ :
Other physical details 1 թ. դիմանկ. ;
Dimensions 21 սմ.
440 #0 - SERIES STATEMENT/ADDED ENTRY--TITLE
Title "Վարագ"-ի մատենաշար
Volume/sequential designation թիւ 1
500 ## - GENERAL NOTE
General note Տողատ. ծանոթ.
504 ## - BIBLIOGRAPHY, ETC. NOTE
Bibliography, etc. note Ցանկ էջ՝ 45-47
650 14 - SUBJECT ADDED ENTRY--TOPICAL TERM
Topical term or geographic name entry element Հայոց ցեղասպանություն, 1915-1923
Holdings
Withdrawn status Lost status Damaged status Not for loan Collection Home library Current library Date acquired Total checkouts Full call number Barcode Date last seen Price effective from Koha item type Public note
        General Fundamental Scientific Library Fundamental Scientific Library 22/12/2016   AII/86266 FL0067148 22/12/2016 22/12/2016 Գրքեր / Books 30 Days Loan


ՀՀ ԳԱԱ հիմնարար գիտական գրադարան
ՀՀ,Երևան 0019
Մարշալ Բաղրամյան 24/6
հեռախոս:(374-10) 52-47-50
Հետադարձ կապ

All site content, except where otherwise noted, is licensed under a
Creative Commons License